Vista normal
Vista MARC
Entrada Topical Term
Número de registros utilizados en: 1
001 - CONTROL NUMBER
- control field: 42021
003 - CONTROL NUMBER IDENTIFIER
- control field: OSt
005 - DATE AND TIME OF LATEST TRANSACTION
- control field: 20220328153729.0
008 - FIXED-LENGTH DATA ELEMENTS
- fixed length control field: 220328|| aca||aabn | a|a d
040 ## - CATALOGING SOURCE
- Original cataloging agency: OSt
- Transcribing agency: OSt
150 ## - HEADING--TOPICAL TERM
- Topical term or geographic name entry element: Biografías Escritores colombianos
670 ## - SOURCE DATA FOUND
- Source citation: Work cat.: (OSt)15856: Abad Faciolince, Héctor, autor 41894, Traiciones de la memoria / , 2010.